مكتبة جامعة عجلون الوطنية

فهرس بحث المكتبة

Normal view MARC view
  • Strauss, Susan, Feiz, Parastou, Xiang, Xuehua

Entry Personal Name

Number of records used in: 1

001 - CONTROL NUMBER

  • control field: 6015

003 - CONTROL NUMBER IDENTIFIER

  • control field: JO-AjAnu

005 - DATE AND TIME OF LATEST TRANSACTION

  • control field: 20230606071257.0

008 - FIXED-LENGTH DATA ELEMENTS

  • fixed length control field: 230606|| aca||aabn | a|a d

040 ## - CATALOGING SOURCE

  • Original cataloging agency: JO-AjAnu
  • Transcribing agency: JO-AjAnu

100 ## - HEADING--PERSONAL NAME

  • Personal name: Strauss, Susan, Feiz, Parastou, Xiang, Xuehua

670 ## - SOURCE DATA FOUND

  • Source citation: Work cat.: (JO-AjAnu)3117: Strauss, Susan, Feiz, Parastou, Xiang, Xuehua , author, Grammar, Meaning , and Concept: A Discourse - Based Approach to English Grammar